01672nam a22002177a 450000500170000000800410001702000180005804000070007604100120008308200220009510000320011724500330014926000540018230000220023636500600025852008810031865000360119994200120123599900190124795201880126620260129145743.0221121b ||||| |||| 00| 0 eng d a9780143459675 cAL aEnglish 223a823.914bKARS aShehan Karunatilaka9253162 aSeven Moons of Maali Almeida aHaryanabPenguin Random House India Pvt Ltdc2022 a386pbPBc21x13cm aBLCR-000104b₹319.00c₹d₹399.00e20%f10-11-2022 aA searing satire set amid the murderous mayhem of Sri Lanka beset by civil war Colombo, 1990. Maali Almeida, war photographer, gambler and closet gay, has woken up dead in what seems like a celestial visa office. His dismembered body is sinking in the Beira Lake and he has no idea who killed him. At a time when scores are settled by death squads, suicide bombers and hired goons, the list of suspects is depressingly long, as the ghouls and ghosts who cluster around him can attest. But even in the afterlife, time is running out for Maali. He has seven moons to try and contact the man and woman he loves most and lead them to a hidden cache of photos that will rock Sri Lanka. Ten years after his prizewinning novel Chinaman established him as one of Sri Lanka’s foremost authors, Karunatilaka is back with a rip-roaring epic, full of mordant wit and disturbing truths. aAmerican English Fiction962893 2ddccBK c225238d225238 00102ddc40708GENaALbALd2022-11-15eNavakarnataka Publications Pvt Ltd Mangaluru 575001g319.00l3o823.914 KARSp076222r2023-04-06 00:00:00s2023-03-29v399.00w2022-10-11yBK